Paediatric chaplaincy : (Record no. 19760)
[ view plain ]
| 000 -LEADER | |
|---|---|
| fixed length control field | 02765cam a22003497i 4500 |
| 001 - CONTROL NUMBER | |
| control field | 20567287 |
| 003 - CONTROL NUMBER IDENTIFIER | |
| control field | OSt |
| 005 - DATE AND TIME OF LATEST TRANSACTION | |
| control field | 20221101121452.0 |
| 008 - FIXED-LENGTH DATA ELEMENTS--GENERAL INFORMATION | |
| fixed length control field | 180703t20182018enk b 001 0 eng d |
| 010 ## - LIBRARY OF CONGRESS CONTROL NUMBER | |
| LC control number | 2017471466 |
| 020 ## - INTERNATIONAL STANDARD BOOK NUMBER | |
| International Standard Book Number | 1785920769 |
| 035 ## - SYSTEM CONTROL NUMBER | |
| System control number | (OCoLC)on1019883011 |
| 040 ## - CATALOGING SOURCE | |
| Original cataloging agency | YDX |
| Language of cataloging | eng |
| Transcribing agency | YDX |
| Description conventions | rda |
| Modifying agency | DTM |
| -- | PTS |
| -- | OCLCO |
| -- | DLC |
| 042 ## - AUTHENTICATION CODE | |
| Authentication code | lccopycat |
| 050 00 - LIBRARY OF CONGRESS CALL NUMBER | |
| Classification number | BV4335 |
| Item number | .P34 2018 |
| 245 00 - TITLE STATEMENT | |
| Title | Paediatric chaplaincy : |
| Remainder of title | principles, practices and skills / |
| Statement of responsibility, etc. | edited by Paul Nash, Mark Bartel and Sally Nash. |
| 264 #1 - PRODUCTION, PUBLICATION, DISTRIBUTION, MANUFACTURE, AND COPYRIGHT NOTICE | |
| Place of production, publication, distribution, manufacture | London, UK ; |
| -- | Philadelphia, PA : |
| Name of producer, publisher, distributor, manufacturer | Jessica Kingsley Publishers, |
| Date of production, publication, distribution, manufacture, or copyright notice | 2018. |
| 300 ## - PHYSICAL DESCRIPTION | |
| Extent | 320 p; |
| 336 ## - CONTENT TYPE | |
| Content type term | text |
| Content type code | txt |
| Source | rdacontent |
| 337 ## - MEDIA TYPE | |
| Media type term | unmediated |
| Media type code | n |
| Source | rdamedia |
| 338 ## - CARRIER TYPE | |
| Carrier type term | volume |
| Carrier type code | nc |
| Source | rdacarrier |
| 504 ## - BIBLIOGRAPHY, ETC. NOTE | |
| Bibliography, etc | Includes bibliographical references and index. |
| 505 0# - FORMATTED CONTENTS NOTE | |
| Formatted contents note | Introduction : more than just death and dying / Paul Nash, Mark Bartel -- Child spirituality and faith development / Rebecca Nye -- Insights from child development for pediatric chaplains / Dan Robert -- Spiritual, religious and pastoral care of children and their families / Claire Canon -- Models of chaplaincy in a multicultural world / Paul Nash -- Screening, assessment and charting / Mary Robinson -- Approaches and skills for working with children and young people / Ryan Campbell, Sally Nash -- Working with families / Krista Gregory -- Staff care and self-care / Kathryn Darby -- Chaplain to the institution / Jim Linthicum -- Managing and developing the chaplaincy provision and team / Paul Nash -- Medical ethics : practice and decision-making / Mark Bartel -- Giving voice to the story : working with patients who cannot speak / Daniel Nuzum -- Working in mental health / Kathryn Darly -- Working with trauma and abuse / Bob Flory -- Major incidents / Naomi Kalish -- Palliative and end-of-life care / M. Karen Ballard -- Bereavement care / Edina Farkas -- Transition : journeying with pediatric patients into adult care : the chaplain's role / Kobena Charm -- Paediatric spirituality, space and environment / Wyatt Butcher -- Paediatric chaplaincy and research / Daniel H. Grossoehme -- Through these dark valleys : a pediatric chaplain's response to the problem of God and evil / Kathleen Ennis-Durstine -- Perspectives on suffering from major faith and worldview traditions / Emma Roberts -- Appendix 1 : Being a paediatric specialist in a general hospital / Deborah Louise Wilde.. |
| 650 #0 - SUBJECT ADDED ENTRY--TOPICAL TERM | |
| Topical term or geographic name as entry element | Chaplains. |
| 650 #0 - SUBJECT ADDED ENTRY--TOPICAL TERM | |
| Topical term or geographic name as entry element | Church work with the sick. |
| 700 1# - ADDED ENTRY--PERSONAL NAME | |
| Personal name | Nash, Paul, |
| Dates associated with a name | 1959- |
| Relator term | editor. |
| 700 1# - ADDED ENTRY--PERSONAL NAME | |
| Personal name | bv4335Bartel, Mark. |
| Relator term | editor. |
| 700 1# - ADDED ENTRY--PERSONAL NAME | |
| Personal name | Nash, Sally, |
| Dates associated with a name | 1957- |
| Relator term | editor. |
| 906 ## - LOCAL DATA ELEMENT F, LDF (RLIN) | |
| a | 7 |
| b | cbc |
| c | copycat |
| d | 2 |
| e | ncip |
| f | 20 |
| g | y-gencatlg |
| 942 ## - ADDED ENTRY ELEMENTS (KOHA) | |
| Source of classification or shelving scheme | Library of Congress Classification |
| Koha item type | General Collection |
| Withdrawn status | Lost status | Source of classification or shelving scheme | Not for loan | Home library | Current library | Date acquired | Cost, normal purchase price | Total Checkouts | Total Renewals | Full call number | Barcode | Date last seen | Date last checked out | Price effective from | Koha item type |
|---|---|---|---|---|---|---|---|---|---|---|---|---|---|---|---|
| Library of Congress Classification | Kabarak, Main Campus | Kabarak, Main Campus | 01/11/2022 | 3909.00 | 4 | 1 | BV4335 .P34 2018 c.1 | 032587 | 02/04/2025 | 03/02/2025 | 01/11/2022 | General Collection |